Statistiques concernant Villes sur le Rhin

Cliquez ici pour prendre le quiz!

Statistiques générales

  • Ce quiz a été pris 164 fois
  • Le résultat moyen est 8 sur 15

Statistiques - réponses

PaysIndiceVille% Correct
FranceSiège du Conseil de l'EuropeStrasbourg
98%
LiechtensteinCapitale de ce petit paysVaduz
96%
Pays-BasLe plus grand port d'EuropeRotterdam
92%
AllemagneAncienne capitale de la RFABonn
80%
AllemagneSon "Dom" de 157m est le monument le plus visité d'AllemagneCologne
80%
SuisseCentre pharmaceutique mondial majeur (Roche, Novartis)Bâle
71%
AllemagneLittéralement le domaine de "Mann"Mannheim
58%
AllemagneS'y trouve la RheinturmDüsseldorf
55%
AllemagneVille de vie de Johannes GutenbergMayence
45%
AllemagneVille de naissance de Giscard d'EstaingCoblence
39%
Pays-Bas"Capitale du vélo"Utrecht
38%
AllemagneOeuvre de Charles Guillaume III (y construit un "Versailles")Karlsruhe
30%
Allemagne21 personnes y perdent la vie pendant une Love Parade (2010)Duisbourg
20%
AllemagneVoisine de rive de la précédante connue pour ses thermesWiesbaden
20%
Pays-BasCapitale de la GueldreArnhem
19%

Distribution des résultats

Percentile par nombre de réponses

% des personnes avec chaque résultat

Votre développement - résultats

Vous n’avez pas pris ce quiz